[Event "CZE-ch U12 2020"]
[Site "Kouty nad Desnou"]
[Date "2020.03.11"]
[Round "6.7"]
[White "Setina, Vaclav"]
[Black "Buchta, Bartolomej"]
[Result "0-1"]
[WhiteElo "1507"]
[BlackElo "1508"]
[Annotator "NA RC"]
[PlyCount "117"]
[EventDate "2020.03.07"]
[EventCountry "CZE"]
[SourceTitle "playchess.com"]
[Source "ChessBase"]
[SourceQuality "1"]
[TimeControl "5400+30"]

1. e4 {[%emt 0:00:00]} c5 {[%emt 0:00:00]} 2. c3 {[%emt 0:00:00]} d5 {[%emt 0:00:00]} 3. exd5 {[%emt 0:00:00]} Qxd5 {[%emt 0:00:00]} 4. d4 {[%emt 0:00:00]} e6 {[%emt 0:00:01]} 5. Nf3 {[%emt 0:00:08]} Nf6 {[%emt 0:00:52]} 6. Be3 {[%emt 0:00:34]} cxd4 {[%emt 0:00:20]} 7. cxd4 {[%emt 0:00:12]} Bb4+ 8. Nc3 {[%emt 0:12:10]} O-O {[%emt 0:12:47]} 9. Be2 {[%emt 0:03:59]} b6 {[%emt 0:05:31]} 10. O-O {[%emt 0:01:11]} Bxc3 {[%emt 0:00:33]} 11. bxc3 {[%emt 0:00:58]} Ba6 {[%emt 0:00:24]} 12. Bxa6 {[%emt 0:02:26]} Nxa6 {[%emt 0:00:08]} 13. Qb3 {[%emt 0:05:19]} Rac8 {[%emt 0:01:16]} 14. Nd2 {[%emt 0:02:36]} Nc7 {[%emt 0:07:01]} 15. c4 {[%emt 0:01:50]} Qd6 {[%emt 0:12:13]} 16. f3 {[%emt 0:05:25]} Rfe8 {[%emt 0:03:35]} 17. Ne4 {[%emt 0:02:12]} Qc6 {[%emt 0:09:00]} 18. Nxf6+ {[%emt 0:04:33]} gxf6 {[%emt 0:00:40]} 19. Rfd1 {[%emt 0:02:23]} b5 {[%emt 0:02:55]} 20. cxb5 {[%emt 0:17:57]} Qxb5 {[%emt 0:00:39]} 21. d5 {[%emt 0:13:05]} Qxb3 {[%emt 0:01:32]} 22. axb3 {[%emt 0:01:53]} Nxd5 {[%emt 0:00:31]} 23. Bxa7 {[%emt 0:00:39]} Re7 {[%emt 0:03:40]} 24. Bf2 {[%emt 0:07:33]} Rb7 {[%emt 0:05:07]} 25. Rdb1 {[%emt 0:05:35]} Rc2 {[%emt 0:09:26]} 26. Be1 {[%emt 0:04:13]} Nf4 {[%emt 0:02:12]} 27. Ra4 {[%emt 0:03:41]} e5 {[%emt 0:06:47]} 28. Kf1 {[%emt 0:02:47]} Kh8 {[%emt 0:06:41]} 29. Bh4 {[%emt 0:00:29]} Rb6 {[%emt 0:01:21]} 30. Bf2 {[%emt 0:00:02]} Rbc6 {[%emt 0:01:21]} 31. Raa1 {[%emt 0:00:51]} R6c3 {[%emt 0:01:41]} 32. b4 {[%emt 0:00:39]} Nd3 {[%emt 0:01:56]} 33. Bh4 {[%emt 0:00:18]} Kg7 {[%emt 0:00:56]} 34. b5 {[%emt 0:00:34]} Nb2 {[%emt 0:03:08]} 35. b6 {[%emt 0:00:27]} Rb3 {[%emt 0:00:21]} 36. Bf2 {[%emt 0:00:07]} Kg6 {[%emt 0:01:05]} 37. Ra7 {[%emt 0:00:53]} Rxf2+ {[%emt 0:00:45]} 38. Kxf2 {[%emt 0:00:29]} Nd3+ {[%emt 0:00:04]} 39. Ke3 {[%emt 0:00:38]} Rxb1 {[%emt 0:00:25]} 40. Kxd3 {[%emt 0:00:01]} Rxb6 {[%emt 0:00:12]} 41. Ra2 {[%emt 0:00:07]} f5 {[%emt 0:00:40]} 42. Ke3 {[%emt 0:01:14]} Rb3+ {[%emt 0:00:40]} 43. Kf2 {[%emt 0:00:01]} e4 {[%emt 0:00:19]} 44. fxe4 {[%emt 0:00:03]} fxe4 {[%emt 0:00:07]} 45. Re2 {[%emt 0:00:13]} f5 {[%emt 0:00:19]} 46. g3 {[%emt 0:01:32]} Kg5 {[%emt 0:00:42]} 47. Ra2 {[%emt 0:00:50]} h5 {[%emt 0:01:08]} 48. h4+ {[%emt 0:00:40]} Kg4 {[%emt 0:00:42]} 49. Ra8 {[%emt 0:00:28]} Rb2+ {[%emt 0:01:20]} 50. Ke3 {[%emt 0:00:20]} Rb3+ {[%emt 0:00:12]} 51. Kf2 {[%emt 0:00:08]} Rf3+ {[%emt 0:00:20]} 52. Kg2 {[%emt 0:00:44]} Rxg3+ {[%emt 0:00:33]} 53. Kh2 {[%emt 0:00:09]} Rh3+ {[%emt 0:01:30]} 54. Kg2 {[%emt 0:00:03]} Rg3+ {[%emt 0:00:20]} 55. Kh2 {[%emt 0:00:01]} Kxh4 {[%emt 0:00:28]} 56. Rf8 {[%emt 0:00:04]} Rh3+ {[%emt 0:00:21]} 57. Kg2 {[%emt 0:00:04]} Rf3 {[%emt 0:00:38]} 58. Rg8 {[%emt 0:00:51]} Rf4 {[%emt 0:00:19]} 59. Kh2 {[%emt 0:00:40]} 0-1

[Event "CZE-ch U12 2020"]
[Site "Kouty nad Desnou"]
[Date "2020.03.11"]
[Round "6.8"]
[White "Veverka, Vladimir"]
[Black "Sedmihradsky, Tomas"]
[Result "1/2-1/2"]
[WhiteElo "1656"]
[BlackElo "1024"]
[Annotator "NA"]
[PlyCount "90"]
[EventDate "2020.03.07"]
[EventCountry "CZE"]
[SourceTitle "playchess.com"]
[Source "ChessBase"]
[SourceQuality "1"]
[TimeControl "5400+30"]

1. d4 {[%emt 0:00:00]} f5 {[%emt 0:00:00]} 2. c4 {[%emt 0:01:58]} Nf6 {[%emt 0:00:00]} 3. Nc3 {[%emt 0:00:37]} g6 {[%emt 0:00:00]} 4. Bf4 {[%emt 0:03:43]} d6 {[%emt 0:01:21]} 5. e3 {[%emt 0:00:50]} Bg7 {[%emt 0:00:50]} 6. Nf3 {[%emt 0:03:01]} O-O {[%emt 0:01:00]} 7. h3 {[%emt 0:06:51]} Qe8 {[%emt 0:02:40]} 8. Be2 {[%emt 0:08:42]} Nbd7 {[%emt 0:08:57]} 9. Nb5 {[%emt 0:06:44]} Qd8 {[%emt 0:03:17]} 10. c5 {[%emt 0:16:13]} c6 {[%emt 0:12:53]} 11. Qb3+ {[%emt 0:13:04]} Kh8 {[%emt 0:02:47]} 12. Nc3 {[%emt 0:10:01]} d5 {[%emt 0:05:14]} 13. Ng5 {[%emt 0:01:39]} Nb8 {[%emt 0:01:25]} 14. Qa3 {[%emt 0:01:41]} Bd7 {[%emt 0:01:33]} 15. Na4 {[%emt 0:02:07]} Qa5+ {[%emt 0:02:54]} 16. b4 {[%emt 0:00:34]} Qd8 {[%emt 0:01:31]} 17. Nb6 {[%emt 0:00:25]} axb6 {[%emt 0:00:51]} 18. Qxa8 {[%emt 0:00:13]} bxc5 {[%emt 0:02:11]} 19. bxc5 {[%emt 0:01:29]} h6 {[%emt 0:02:07]} 20. Nf3 {[%emt 0:05:14]} Ne4 {[%emt 0:02:44]} 21. O-O {[%emt 0:06:34]} g5 {[%emt 0:02:41]} 22. Be5 {[%emt 0:01:25]} g4 {[%emt 0:02:04]} 23. hxg4 {[%emt 0:03:11]} fxg4 {[%emt 0:00:20]} 24. Bxg7+ {[%emt 0:01:04]} Kxg7 {[%emt 0:00:12]} 25. Ne5 {[%emt 0:01:23]} h5 {[%emt 0:01:38]} 26. Bd3 {[%emt 0:02:10]} Nd2 {[%emt 0:08:15]} 27. Rfd1 {[%emt 0:00:41]} Nf3+ {[%emt 0:01:22]} 28. gxf3 {[%emt 0:01:48]} gxf3 {[%emt 0:00:14]} 29. Kf1 {[%emt 0:00:23]} h4 {[%emt 0:00:26]} 30. Ke1 {[%emt 0:00:29]} Bh3 {[%emt 0:01:13]} 31. Kd2 {[%emt 0:00:35]} Bg2 {[%emt 0:00:35]} 32. Rg1 {[%emt 0:00:30]} h3 {[%emt 0:00:33]} 33. Rab1 {[%emt 0:00:39]} Rh8 {[%emt 0:14:30]} 34. Nxf3 {[%emt 0:00:30]} Kf6 {[%emt 0:00:35]} 35. Nh2 {[%emt 0:00:26]} Qf8 {[%emt 0:00:35]} 36. Rxb7 {[%emt 0:00:22]} Ke6 {[%emt 0:00:24]} 37. Ke2 {[%emt 0:00:29]} Qe8 {[%emt 0:01:40]} 38. a4 {[%emt 0:00:36]} Qh5+ {[%emt 0:01:28]} 39. Ke1 {[%emt 0:00:20]} Nd7 {[%emt 0:00:43]} 40. Qa7 {[%emt 0:00:25]} Rd8 {[%emt 0:00:49]} 41. Be2 {[%emt 0:00:27]} Qh7 {[%emt 0:01:19]} 42. Bg4+ {[%emt 0:00:20]} Kf7 43. Bxd7 {[%emt 0:00:48]} Rxd7 {[%emt 0:00:53]} 44. Qb6 {[%emt 0:00:36]} Rxb7 {[%emt 0:00:44]} 45. Qxb7 {[%emt 0:00:08]} Qc2 {[%emt 0:00:08]} 1/2-1/2

[Event "CZE-ch U12 2020"]
[Site "Kouty nad Desnou"]
[Date "2020.03.11"]
[Round "6.9"]
[White "Nguyen, Thai Dang Vi"]
[Black "Kubin, Tomas Daniel"]
[Result "1-0"]
[WhiteElo "1510"]
[BlackElo "1484"]
[Annotator "NA RC"]
[PlyCount "57"]
[EventDate "2020.03.07"]
[EventCountry "CZE"]
[SourceTitle "playchess.com"]
[Source "ChessBase"]
[SourceQuality "1"]
[TimeControl "5400+30"]

1. e4 {[%emt 0:00:00]} d5 {[%emt 0:00:00]} 2. exd5 {[%emt 0:00:00]} Nf6 {[%emt 0:00:00]} 3. d4 {[%emt 0:00:00]} Nxd5 {[%emt 0:00:00]} 4. Nf3 {[%emt 0:00:03]} g6 {[%emt 0:00:04]} 5. c4 {[%emt 0:00:48]} Nb6 {[%emt 0:00:14]} 6. Nc3 {[%emt 0:00:45]} Bg7 {[%emt 0:00:09]} 7. c5 {[%emt 0:00:47]} Nd5 {[%emt 0:00:07]} 8. Bc4 {[%emt 0:00:07]} c6 {[%emt 0:00:04]} 9. O-O {[%emt 0:00:20]} O-O {[%emt 0:00:12]} 10. Re1 {[%emt 0:00:42]} h6 {[%emt 0:11:09]} 11. h3 {[%emt 0:02:30]} Nxc3 {[%emt 0:06:36]} 12. bxc3 {[%emt 0:00:14]} b5 {[%emt 0:00:18]} 13. cxb6 {[%emt 0:02:32]} axb6 {[%emt 0:00:19]} 14. Ne5 {[%emt 0:02:01]} b5 {[%emt 0:12:58]} 15. Bb3 {[%emt 0:01:28]} Bb7 {[%emt 0:07:14]} 16. Nxg6 {[%emt 0:01:01]} Re8 {[%emt 0:02:38]} 17. Ne5 {[%emt 0:01:45]} e6 {[%emt 0:07:09]} 18. Qh5 {[%emt 0:01:24]} Qf6 {[%emt 0:12:45]} 19. Ng4 {[%emt 0:01:45]} Qg6 {[%emt 0:01:53]} 20. Qxg6 {[%emt 0:00:49]} fxg6 {[%emt 0:00:08]} 21. Bxh6 {[%emt 0:02:17]} Bxh6 {[%emt 0:01:56]} 22. Nxh6+ {[%emt 0:00:09]} Kg7 {[%emt 0:00:13]} 23. Ng4 {[%emt 0:00:15]} Bc8 {[%emt 0:04:35]} 24. Re3 {[%emt 0:01:05]} Ra7 {[%emt 0:02:16]} 25. Rae1 {[%emt 0:00:46]} Rae7 {[%emt 0:00:38]} 26. Ne5 {[%emt 0:00:27]} Kh7 {[%emt 0:06:57]} 27. Rg3 {[%emt 0:01:10]} Rg8 {[%emt 0:01:18]} 28. Bc2 {[%emt 0:00:27]} Reg7 {[%emt 0:07:08]} 29. Re4 {[%emt 0:00:29]} 1-0

[Event "CZE-ch U12 2020"]
[Site "Kouty nad Desnou"]
[Date "2020.03.11"]
[Round "6.10"]
[White "Matusik, Ondrej"]
[Black "Sigut, Ondrej"]
[Result "0-1"]
[WhiteElo "1482"]
[BlackElo "1274"]
[Annotator "NA RC"]
[PlyCount "134"]
[EventDate "2020.03.07"]
[EventCountry "CZE"]
[SourceTitle "playchess.com"]
[Source "ChessBase"]
[SourceQuality "1"]
[TimeControl "5400+30"]

1. e4 {[%emt 0:00:00]} c5 {[%emt 0:00:00]} 2. Nf3 {[%emt 0:00:00]} Nc6 {[%emt 0:00:00]} 3. d4 {[%emt 0:00:00]} cxd4 {[%emt 0:00:00]} 4. Nxd4 {[%emt 0:00:00]} g6 {[%emt 0:00:00]} 5. Nc3 {[%emt 0:00:04]} Bg7 {[%emt 0:00:00]} 6. Be3 {[%emt 0:00:47]} Nf6 {[%emt 0:00:10]} 7. Bc4 {[%emt 0:03:54]} O-O {[%emt 0:00:42]} 8. Bb3 {[%emt 0:00:40]} Ng4 {[%emt 0:01:48]} 9. Qxg4 {[%emt 0:23:25]} Nxd4 {[%emt 0:01:09]} 10. O-O {[%emt 0:07:12]} Nxb3 {[%emt 0:02:50]} 11. cxb3 {[%emt 0:01:13]} d6 {[%emt 0:05:41]} 12. Qe2 {[%emt 0:06:05]} Be6 {[%emt 0:08:49]} 13. Qd2 {[%emt 0:02:24]} Qd7 {[%emt 0:09:43]} 14. Bh6 {[%emt 0:03:27]} a6 {[%emt 0:02:09]} 15. Bxg7 {[%emt 0:03:48]} Kxg7 {[%emt 0:00:25]} 16. f4 {[%emt 0:01:16]} Qd8 {[%emt 0:04:04]} 17. f5 {[%emt 0:02:31]} Bd7 {[%emt 0:03:00]} 18. Rf3 {[%emt 0:02:32]} Rh8 {[%emt 0:05:19]} 19. Rh3 {[%emt 0:01:45]} Qb6+ {[%emt 0:02:41]} 20. Kh1 {[%emt 0:00:59]} Bc6 {[%emt 0:01:11]} 21. Qh6+ {[%emt 0:09:25]} Kg8 {[%emt 0:01:40]} 22. Rf1 {[%emt 0:00:57]} Qd4 {[%emt 0:03:00]} 23. Qf4 {[%emt 0:07:34]} Qg7 {[%emt 0:03:06]} 24. Ne2 {[%emt 0:09:32]} Bb5 {[%emt 0:03:29]} 25. Rf2 {[%emt 0:00:41]} Bxe2 {[%emt 0:00:29]} 26. Rxe2 {[%emt 0:00:07]} Rc8 {[%emt 0:01:54]} 27. Rf2 {[%emt 0:01:15]} Qe5 {[%emt 0:03:24]} 28. Rhf3 {[%emt 0:02:39]} Qxf4 {[%emt 0:02:00]} 29. Rxf4 {[%emt 0:00:08]} Kg7 {[%emt 0:00:35]} 30. h3 {[%emt 0:01:02]} f6 {[%emt 0:02:26]} 31. g4 {[%emt 0:01:00]} g5 {[%emt 0:01:02]} 32. R4f3 {[%emt 0:00:24]} h5 {[%emt 0:01:35]} 33. Kg2 {[%emt 0:01:03]} hxg4 {[%emt 0:01:01]} 34. hxg4 {[%emt 0:00:10]} Rh4 {[%emt 0:01:00]} 35. Rg3 {[%emt 0:00:53]} Rch8 {[%emt 0:00:51]} 36. Kf3 {[%emt 0:01:16]} Rc8 {[%emt 0:01:26]} 37. Kg2 {[%emt 0:00:44]} Rc5 {[%emt 0:00:27]} 38. Re2 {[%emt 0:00:27]} Kf7 {[%emt 0:00:35]} 39. Rf2 {[%emt 0:01:09]} d5 {[%emt 0:00:56]} 40. Kf3 {[%emt 0:02:16]} dxe4+ {[%emt 0:00:57]} 41. Kxe4 {[%emt 0:00:23]} Rb5 {[%emt 0:01:09]} 42. Rfg2 {[%emt 0:00:47]} Re5+ {[%emt 0:01:05]} 43. Kd4 {[%emt 0:00:21]} e6 {[%emt 0:01:21]} 44. fxe6+ {[%emt 0:01:11]} Kxe6 {[%emt 0:00:55]} 45. Rc3 {[%emt 0:02:29]} Rh7 {[%emt 0:00:51]} 46. Kd3 {[%emt 0:00:54]} Rd7+ {[%emt 0:00:45]} 47. Kc2 {[%emt 0:00:08]} Re4 {[%emt 0:01:00]} 48. Rc4 {[%emt 0:00:48]} Re5 {[%emt 0:01:25]} 49. Rc3 {[%emt 0:00:12]} Rdd5 {[%emt 0:04:13]} 50. Kc1 {[%emt 0:00:42]} Rc5 {[%emt 0:02:13]} 51. Kc2 {[%emt 0:00:19]} f5 {[%emt 0:02:08]} 52. gxf5+ {[%emt 0:00:26]} Kxf5 {[%emt 0:00:25]} 53. Rf2+ {[%emt 0:00:18]} Kg6 {[%emt 0:00:24]} 54. Rg2 {[%emt 0:00:58]} Rf5 {[%emt 0:01:54]} 55. Kd3 {[%emt 0:00:40]} Rf3+ 56. Kc2 {[%emt 0:00:06]} Rcf5 {[%emt 0:01:43]} 57. Rc7 {[%emt 0:00:46]} Rf7 {[%emt 0:00:09]} 58. Rc5 {[%emt 0:00:20]} Rf2+ {[%emt 0:02:04]} 59. Rxf2 {[%emt 0:00:07]} Rxf2+ {[%emt 0:00:05]} 60. Kc3 {[%emt 0:00:41]} g4 {[%emt 0:03:08]} 61. Rd5 {[%emt 0:00:52]} Rf5 {[%emt 0:02:10]} 62. Rd2 {[%emt 0:00:42]} Kg5 {[%emt 0:00:17]} 63. Kd3 {[%emt 0:01:04]} Rd5+ {[%emt 0:01:25]} 64. Ke3 {[%emt 0:00:09]} Rxd2 {[%emt 0:00:17]} 65. Kxd2 {[%emt 0:00:06]} Kf4 {[%emt 0:00:04]} 66. Ke2 {[%emt 0:00:22]} Kg3 {[%emt 0:01:49]} 67. Kf1 {[%emt 0:00:49]} Kh2 {[%emt 0:00:06]} 0-1

[Event "CZE-ch U12 2020"]
[Site "Kouty nad Desnou"]
[Date "2020.03.11"]
[Round "6.11"]
[White "Hobza, Richard"]
[Black "Matus, Jakub"]
[Result "1/2-1/2"]
[WhiteElo "1251"]
[BlackElo "1240"]
[Annotator "NA RC"]
[PlyCount "62"]
[EventDate "2020.03.07"]
[EventCountry "CZE"]
[SourceTitle "playchess.com"]
[Source "ChessBase"]
[SourceQuality "1"]
[TimeControl "5400+30"]

1. d4 {[%emt 0:00:00]} d5 {[%emt 0:00:00]} 2. Nf3 {[%emt 0:00:00]} Nf6 {[%emt 0:00:00]} 3. e3 {[%emt 0:00:00]} e6 {[%emt 0:00:06]} 4. Bd3 {[%emt 0:01:40]} Be7 {[%emt 0:01:07]} 5. Nbd2 {[%emt 0:02:10]} O-O {[%emt 0:02:53]} 6. O-O {[%emt 0:02:46]} Nbd7 {[%emt 0:02:45]} 7. e4 {[%emt 0:03:47]} dxe4 {[%emt 0:04:23]} 8. Nxe4 {[%emt 0:00:20]} Nxe4 {[%emt 0:00:11]} 9. Bxe4 {[%emt 0:00:24]} c5 {[%emt 0:00:19]} 10. c3 {[%emt 0:04:22]} Nf6 {[%emt 0:05:42]} 11. Bc2 {[%emt 0:03:50]} Qc7 {[%emt 0:03:45]} 12. Bg5 {[%emt 0:06:56]} Rd8 {[%emt 0:03:26]} 13. Qe2 {[%emt 0:09:45]} b6 {[%emt 0:02:19]} 14. Rad1 {[%emt 0:07:12]} Bb7 {[%emt 0:03:52]} 15. Bxf6 {[%emt 0:03:45]} Bxf6 {[%emt 0:00:06]} 16. dxc5 {[%emt 0:01:44]} Rxd1 {[%emt 0:00:52]} 17. Rxd1 {[%emt 0:00:36]} Qxc5 {[%emt 0:00:24]} 18. Be4 {[%emt 0:07:30]} Bxe4 {[%emt 0:04:22]} 19. Qxe4 {[%emt 0:00:14]} Rc8 {[%emt 0:01:28]} 20. h3 {[%emt 0:03:37]} h6 {[%emt 0:03:11]} 21. Rd7 {[%emt 0:05:43]} a5 {[%emt 0:03:18]} 22. Qb7 {[%emt 0:07:48]} Rf8 {[%emt 0:02:59]} 23. Rd2 {[%emt 0:03:24]} Rd8 {[%emt 0:03:08]} 24. Rxd8+ {[%emt 0:01:30]} Bxd8 {[%emt 0:00:07]} 25. Qe4 {[%emt 0:01:07]} Bf6 {[%emt 0:02:51]} 26. Qd3 {[%emt 0:01:01]} Qd5 {[%emt 0:01:34]} 27. Qxd5 {[%emt 0:02:46]} exd5 {[%emt 0:00:07]} 28. Kf1 {[%emt 0:00:14]} Kf8 {[%emt 0:00:09]} 29. Ke2 {[%emt 0:00:29]} Ke7 {[%emt 0:00:05]} 30. Kd3 {[%emt 0:00:33]} Kd6 {[%emt 0:00:16]} 31. Nd4 {[%emt 0:00:31]} Ke5 {Ke4+} 1/2-1/2

[Event "CZE-ch U12 2020"]
[Site "Kouty nad Desnou"]
[Date "2020.03.11"]
[Round "6.12"]
[White "Tesar, Jakub"]
[Black "Babula, Matej"]
[Result "1-0"]
[WhiteElo "1446"]
[BlackElo "1353"]
[Annotator "NA"]
[PlyCount "119"]
[EventDate "2020.03.07"]
[EventCountry "CZE"]
[SourceTitle "playchess.com"]
[Source "ChessBase"]
[SourceQuality "1"]
[TimeControl "5400+30"]

1. e4 {[%emt 0:00:00]} e5 {[%emt 0:00:00]} 2. Nf3 {[%emt 0:00:00]} Nc6 {[%emt 0:00:00]} 3. Bb5 {[%emt 0:00:01]} a6 {[%emt 0:00:00]} 4. Ba4 {[%emt 0:00:07]} Nf6 {[%emt 0:00:00]} 5. O-O {[%emt 0:00:24]} Be7 {[%emt 0:00:31]} 6. Re1 {[%emt 0:00:27]} b5 {[%emt 0:00:24]} 7. Bb3 {[%emt 0:00:07]} O-O {[%emt 0:00:42]} 8. c3 {[%emt 0:00:27]} d6 {[%emt 0:00:17]} 9. d4 {[%emt 0:01:09]} Bg4 10. Bd5 {[%emt 0:07:27]} Qd7 {[%emt 0:09:23]} 11. dxe5 {[%emt 0:09:55]} Nxd5 {[%emt 0:06:21]} 12. exd5 {[%emt 0:01:31]} Nxe5 {[%emt 0:00:16]} 13. Nxe5 {[%emt 0:08:53]} dxe5 {[%emt 0:02:58]} 14. f3 {[%emt 0:00:22]} Bf5 {[%emt 0:01:21]} 15. Rxe5 {[%emt 0:01:47]} Bf6 {[%emt 0:01:43]} 16. Re2 {[%emt 0:00:40]} Rad8 {[%emt 0:00:48]} 17. Bf4 {[%emt 0:01:32]} Qxd5 {[%emt 0:01:49]} 18. Qxd5 {[%emt 0:06:54]} Rxd5 {[%emt 0:00:25]} 19. Nd2 {[%emt 0:00:24]} Rfd8 {[%emt 0:09:38]} 20. Ne4 {[%emt 0:05:26]} Be5 {[%emt 0:06:45]} 21. Bxe5 Rxe5 {[%emt 0:00:24]} 22. Rae1 {[%emt 0:04:49]} Rde8 {[%emt 0:01:07]} 23. Kf2 {[%emt 0:00:49]} f6 {[%emt 0:01:50]} 24. Nc5 Rxe2+ {[%emt 0:00:17]} 25. Rxe2 {[%emt 0:02:25]} Rxe2+ {[%emt 0:00:03]} 26. Kxe2 {[%emt 0:00:09]} a5 {[%emt 0:00:46]} 27. a4 {[%emt 0:07:42]} bxa4 {[%emt 0:01:32]} 28. Nxa4 {[%emt 0:02:18]} Kf7 {[%emt 0:02:59]} 29. Ke3 {[%emt 0:00:15]} Ke7 {[%emt 0:01:21]} 30. Nc5 {[%emt 0:01:29]} Bg6 {[%emt 0:12:49]} 31. Kd4 {[%emt 0:01:07]} Be8 {[%emt 0:03:27]} 32. Kc4 {[%emt 0:01:31]} Bc6 {[%emt 0:03:23]} 33. Nb3 {[%emt 0:00:52]} Kd6 {[%emt 0:01:43]} 34. Nxa5 {[%emt 0:00:43]} Ba8 {[%emt 0:00:49]} 35. Kd4 {[%emt 0:00:38]} g5 {[%emt 0:01:01]} 36. Nc4+ {[%emt 0:00:56]} Ke6 {[%emt 0:00:51]} 37. Ne3 {[%emt 0:00:32]} f5 {[%emt 0:01:11]} 38. b4 {[%emt 0:00:24]} g4 {[%emt 0:02:22]} 39. f4 {[%emt 0:00:26]} Be4 {[%emt 0:02:43]} 40. g3 {[%emt 0:00:31]} c6 {[%emt 0:05:33]} 41. Nc4 {[%emt 0:00:59]} Bf3 {[%emt 0:01:20]} 42. Ne5 {[%emt 0:00:41]} Be4 {[%emt 0:02:10]} 43. Kc5 {[%emt 0:00:10]} h5 {[%emt 0:00:58]} 44. Nxc6 {[%emt 0:00:22]} Kd7 {[%emt 0:00:27]} 45. Ne5+ {[%emt 0:00:11]} Kc7 {[%emt 0:00:10]} 46. b5 {[%emt 0:00:45]} Kb7 {[%emt 0:00:30]} 47. c4 {[%emt 0:00:25]} Kc7 {[%emt 0:00:06]} 48. Nf7 {[%emt 0:00:27]} Kd7 {[%emt 0:00:42]} 49. Ne5+ {[%emt 0:00:16]} Kc7 {[%emt 0:00:17]} 50. b6+ {[%emt 0:00:10]} Kb7 {[%emt 0:00:21]} 51. Kb5 {[%emt 0:00:15]} Bf3 {[%emt 0:00:45]} 52. c5 {[%emt 0:00:08]} Be2+ {[%emt 0:00:09]} 53. Ka5 {[%emt 0:00:07]} Bf3 {[%emt 0:00:09]} 54. c6+ {[%emt 0:00:30]} Kc8 {[%emt 0:00:26]} 55. b7+ {[%emt 0:00:27]} Kc7 {[%emt 0:00:20]} 56. Ka6 {[%emt 0:00:08]} Bxc6 {[%emt 0:00:40]} 57. Nxc6 {[%emt 0:00:09]} Kxc6 {[%emt 0:00:04]} 58. Ka7 {[%emt 0:00:10]} Kd5 {[%emt 0:00:16]} 59. b8=Q {[%emt 0:00:11]} Ke4 {[%emt 0:00:07]} 60. Qb3 {[%emt 0:00:25] Ke5} 1-0

[Event "CZE-ch U12 2020"]
[Site "Kouty nad Desnou"]
[Date "2020.03.12"]
[Round "7.1"]
[White "Buchta, Bartolomej"]
[Black "Nemec, Jachym"]
[Result "0-1"]
[WhiteElo "1508"]
[BlackElo "2108"]
[Annotator "TA"]
[PlyCount "110"]
[EventDate "2020.03.07"]
[EventCountry "CZE"]
[SourceTitle "playchess.com"]
[Source "ChessBase"]
[SourceQuality "1"]

{[%evp 24,110,14,8,7,0,10,13,47,16,42,4,0,-11,0,0,0,-3,-2,-121,-125,-134,-76,-168,-138,-181,-161,-179,-154,-806,-794,-878,-881,-2805,-2336,-1454,-903,-881,-722,-695,-698,-643,-652,-648,-508,-640,-640,-620,386,-863,-863,-863,-863,-793,-699,-697,-684,-691,-689,-731,-777,-758,-803,-805,-799,-779,-779,-767,-766,-766,-758,-719,0,-745,-734,-746,-714,-714,-733,-875,-875,-995,-852,-875,-800,-1149,-1106,-1147,-1141]} 1. e4 c5 2. Nf3 Nc6 3. d4 cxd4 4. Nxd4 Nf6 5. Nc3 e5 6. Ndb5 d6 7. Bg5 a6 8. Na3 b5 9. Nd5 Be7 10. Bxf6 Bxf6 11. c3 O-O 12. Be2 Rb8 13. Nc2 a5 {B33: Sicilian: Pelikan and Sveshnikov Variations.} 14. b4 {[#]} Be6 $146 ({Predecessor:} 14... axb4 15. cxb4 Bg5 16. O-O Be6 17. a4 bxa4 18. b5 Bxd5 19. exd5 Nd4 20. Nxd4 exd4 21. Rxa4 {1-0 (35) Terletsky,O (2176)-Mikhaletz,L (2405) Vinnytsia 2016}) 15. O-O Bxd5 {The position is equal.} 16. Qxd5 Ne7 17. Qd1 d5 18. Bd3 dxe4 19. Bxe4 {Black should prevent Qxd8.} Qc7 20. Qd3 g6 21. Rfc1 {[#]} (21. bxa5 $11 Qxa5 22. Nb4) 21... Bg5 $1 $17 {[%cal Rg5c1]} 22. Ne3 Rfd8 (22... f5 $142 {Strongly threatening ...Rfd8.} 23. Bd5+ Kg7) 23. Qc2 {[#]} (23. Qe2 $17) 23... f5 $1 $36 {[%cal Rf5e4][%mdl 2048] Black is in control.} 24. Bf3 e4 25. Bd1 f4 26. h4 $2 (26. Nf1 $17) 26... fxe3 27. hxg5 {[#]} Rd2 $1 {[%mdl 576] Double Attack} 28. Qxe4 exf2+ 29. Kf1 Nf5 {[%cal Rf5g3]} 30. Qe6+ Qf7 31. Qxf7+ Kxf7 {[%cal Rf5g3]} 32. Be2 Re8 33. g4 Ne3+ (33... Rexe2 $2 34. gxf5 a4 35. f6 $19) 34. Kxf2 Nc2 {[%mdl 64] Double Attack} 35. Rf1 {White hopes to continue with Kg1+.} Nxa1 $4 {[%mdl 8192]} (35... Rexe2+ $19 {and life is good for Black.} 36. Kg3+ Kg8) 36. Kg3+ $4 {[%mdl 8192]} (36. Ke1+ $18 Kg7 37. Kxd2) 36... Kg7 37. Bxb5 Re3+ 38. Kf4 Rxc3 39. Rxa1 {[%mdl 4096] Endgame KRR-KRB} Rd4+ 40. Ke5 Rxb4 41. Bf1 Rxg4 42. Rb1 Rxg5+ 43. Kd4 Ra3 44. Rb7+ Kh6 45. Rb2 Rf5 46. Ba6 Rf4+ 47. Ke5 Rf5+ $2 (47... Kg5 $19 48. Rg2+ Rg4) 48. Ke4 $2 {[%mdl 8192]} (48. Kd4 $11 Rf4+ 49. Ke5) 48... Ra4+ {Black is clearly winning.} 49. Ke3 Kg5 50. Bc8 Re5+ 51. Kd3 h5 52. Rg2+ Kh6 53. Bb7 Rf4 54. Bc6 h4 55. Rh2 g5 {Accuracy: White = 49%, Black = 76%.} 0-1